Pensando pensamientos /

Guardado en:
Detalles Bibliográficos
Autor principal: Randall, Margaret (autor)
Otros autores: Mondragón Velázquez, Rafael (traducción) (traducción)
Formato: Libro
Idioma:Español
Publicado: México : Heredad, 2021, c2021
Colección:(Testigos Heredad)
Temas:
Etiquetas: Agrega una etiqueta
Sin etiquetas, Sé el primero en etiquetar este registro!

MARC

LEADER 00000nam^a2200000^a^4500
001 000628642
005 20260219000000.0
009 20260310134117.407
020 |a 978-607-98682-6-0 
037 |a Acervo ITESO - Biblioteca 
041 |a ESP 
082 |a 814.  |b RAN 
100 |a Randall, Margaret  |e (autor) 
245 1 0 |a Pensando pensamientos /  |c M. Randall ; tr. por R. Mondragón Velázquez. 
264 4 |a México :  |b Heredad,  |c 2021, c2021 
300 |a 268 p. 
336 |a texto  |b txt  |2 rdacontenido 
337 |a sin mediación  |b n  |2 rdamedio 
338 |a volumen  |b nc  |2 rdasoporte 
440 1 |a (Testigos Heredad) 
500 |a Traducción de: Thinking about Thinking 
521 |a FIL 2025 DIA 
649 |a XX 
650 |a Ensayos Norteamericanos 
650 |a Literatura Norteamericana -  |y Siglo XXI 
650 |a Literatura de Mujeres -  |z EUA 
650 |a COVID-19 
650 |a Pandemias 
650 |a Monumentos Conmemorativos -  |x Aspectos Políticos 
650 |a Racismo 
650 |a Feminismo 
650 |a Discriminación 
650 |a Tolerancia e Intolerancia 
650 |a Humor 
650 |a Amor 
650 |a Arte 
700 |a Mondragón Velázquez, Rafael  |e (traducción) 
910 |a Fondo General 
920 |a Impresos - Libros 
930 |a Colección General 
940 |a Literatura 
905 |a 101 
901 |a 628642-10  |b IT1  |c LIT  |i C193151  |u 20260219 
902 |a https://opac.biblio.iteso.mx/vufind/Record/000628642